Logo BPK

Biblioteka

Politechniki Koszalińskiej

Międzynarodowa współpraca naukowa. (Rekord nr 33937)

Szczegóły MARC
000 -ETYKIETA REKORDU
podpole kontrolne o stałej długości 01029nam a2200241 i 4500
001 - NUMER KONTROLNY REKORDU
pole kontrolne bg
020 ## - MIĘDZYNARODOWY ZNORMALIZOWANY NUMER KSIĄŻKI - ISBN
ISBN 838757645X
040 ## - ŹRÓDŁO KATALOGOWANIA
Instytucja, która utworzyła rekord BPK
041 0# - KOD JĘZYKA
Kod języka tekstu pl
080 ## - UNIWERSALNA KLASYFIKACJA DZIESIĘTNA - UKD
UKD 001.89+62.001:339.923:061.1A/Z](4-67)
920 ## - Międzynarodowy znormalizowany numer książki – ISBN
ISBN 83-87576-45-X
008 - POLE O STAŁEJ DŁUGOŚCI - DANE KONTROLNE
podpole kontrolne o stałej długości s pl f |000 0 pol
245 00 - TYTUŁ/ODPOWIEDZIALNOŚĆ
Tytuł Międzynarodowa współpraca naukowa.
Oznaczenie części/sekcji dzieła Cz. 2,
Tytuł części/sekcji dzieła Europa /
Pozostałe elementy strefy tytułu i oznaczenia odpowiedzialności [Mieczysław Boguta, Andrzej Bylicki] ; Fundacja im. Wojciecha Świętosławskiego na Rzecz Wspierania Nauki i Rozwoju Potencjału Naukowego w Polsce przy współudz. Polskiej Fundacji Upowszechniania Nauki.
260 ## - STREFA ADRESU WYDAWNICZEGO
Miejsce wydania Gliwice :
Nazwa wydawcy/dystrybutora Fundacja im. W. Świętosławskiego,
Data publikacji, dystrybucji/powstania dokumentu 1998.
300 ## - STREFA OPISU FIZYCZNEGO
Objętość 209 s. ;
Rozmiary 24 cm.
650 #9 - HASŁO PRZEDMIOTOWE W FORMIE NAZWY OGÓLNEJ LUB JEDNOSTKOWEJ
Nazwa ogólna lub geograficzna Nauka
Określnik ogólny polityka
-- Unia Europejska
650 #9 - HASŁO PRZEDMIOTOWE W FORMIE NAZWY OGÓLNEJ LUB JEDNOSTKOWEJ
Nazwa ogólna lub geograficzna Technika
Określnik ogólny polityka
-- Unia Europejska
700 1# - HASŁO DODATKOWE - NAZWA OSOBOWA
Nazwa osobowa BOGUTA, Mieczysław.
700 1# - HASŁO DODATKOWE - NAZWA OSOBOWA
Nazwa osobowa BYLICKI, Andrzej.
710 #0 - HASŁO DODATKOWE - NAZWA CIAŁA ZBIOROWEGO
Nazwa ciała zbiorowego lub jednostki geograficznej Fundacja im. Wojciecha Świętosławskiego na Rzecz Wspierania Nauki i Rozwoju Potencjału Naukowego w Polsce
710 #0 - HASŁO DODATKOWE - NAZWA CIAŁA ZBIOROWEGO
Nazwa ciała zbiorowego lub jednostki geograficznej Polska Fundacja Upowszechniania Nauki
856 ## - LOKALIZACJA I DOSTĘP DO ELEKTRONICZNYCH DOKUMENTÓW ZDALNYCH
Link (URL) http://koha.tu.koszalin.pl/cgi-bin/koha/opac-detail.pl?biblionumber=33937
Tekst linku Katalog online BPK
942 ## - DODATKOWE ELEMENTY (KOHA)
Typ dokumentu Książka
Egzemplarze
Wycofany Status egzemplarza Uszkodzony Dostępność Lokalizacja stała Lokalizacja bieżąca Miejsce przechowywania Sygnatura Kod kreskowy Typ dokumentu
      Dostępny Biblioteka Politechniki Koszalińskiej Biblioteka Politechniki Koszalińskiej Wypożyczalnia BG 45755 01363432 Książka
© 2023 Biblioteka Politechniki Koszalińskiej :: KOHA